000 00273nam a2200109Ia 4500
008 200302s9999 xx 000 0 und d
100 _aFazlul Hassan M.
245 _aBangalore Through the Centuries
260 _bHistorical Publications
260 _c1970
300 _a254 P.,
999 _c2374
_d2374